Financial and management accounting : an introduction
Saved in:
| 主要作者: | |
|---|---|
| 格式: | 圖書 |
| 出版: |
Pearson
|
| 標簽: |
沒有標簽, 成為第一個標記此記錄!
|
MARC
| LEADER | 00000nam a2200000Ia 4500 | ||
|---|---|---|---|
| 005 | 20260515061618.0 | ||
| 100 | |a Weetman, Pauline, | ||
| 020 | |a 9789332511200 | ||
| 942 | |c BK | ||
| 245 | |a Financial and management accounting : an introduction | ||
| 260 | |b Pearson | ||
| 999 | |c 78 |d 78 | ||
| 952 | |0 0 |1 0 |4 0 |7 0 |a ABDN |b ABDN |d 2026-05-15 |l 0 |p 000059 |r 2026-05-15 06:16:18 |w 2026-05-15 |y BK | ||